000 00350 a2200169 4500
001 190844
020 _a85-356-1607-1
040 _cMagnum
100 _aCotes, Cláudia
240 1 0 _aCriança genial
_lpor
245 1 0 _aCriança genial
300 _a23
362 0 _a2005
440 1 _aPaulinas
697 _aLITERATURA INFANTIL
942 _cBK
999 _c190844
_d190844